Statistiques concernant Pays les plus proches de la Finlande - 30 secondes de sprint

Cliquez ici pour prendre le quiz!

Statistiques générales

  • Ce quiz a été pris 30 fois
  • Le résultat moyen est 11 sur 20

Statistiques - réponses

km pays % Correct
0Suède
97%
47Estonie
97%
0Russie
97%
0Norvège
93%
378Lituanie
93%
213Lettonie
93%
575Danemark
79%
603Pologne
69%
718Allemagne
66%
470Biélorussie
62%
879Ukraine
52%
1106Royaume-Uni
38%
1071Pays-Bas
28%
1306Roumanie
21%
1315Belgique
21%
1044Tchequie
21%
1291Moldavie
17%
1153Slovaquie
17%
1256Hongrie
7%
1262Autriche
7%

Distribution des résultats

Percentile by Number Answered

% des personnes avec chaque résultat

Votre développement - résultats

Vous n’avez pas pris ce quiz